[Event "Le Bolduc II - A"]
[Site "Montreal CAN"]
[Date "2003.10.13"]
[Round "7"]
[White "Berube, Richard"]
[Black "Chabot, Roland"]
[Result "1/2-1/2"]
[WhiteElo "2370"]
[BlackElo "2257"]
[PlyCount "68"]
[EventDate "2003.09.22"]
[EventType "tourn"]
[EventRounds "10"]
[EventCountry "CAN"]

1. e4 e5 2. Nf3 Nc6 3. d4 exd4 4. Nxd4 d6 5. Nc3 Be7 6. Bb5 Bd7 7. Bxc6 bxc6 8.
O-O Nf6 9. Re1 O-O 10. b3 Re8 11. Bb2 Bf8 12. Qd3 c5 13. Nf3 Bc6 14. Rad1 Nd7
15. Nd5 Bxd5 16. Qxd5 Nb6 17. Qf5 Qc8 18. Qg5 Qe6 19. e5 d5 20. Qd2 h6 21. a4
Rad8 22. a5 Na8 23. h3 c6 24. Nh2 Nc7 25. f4 Qc8 26. Nf3 d4 27. c4 dxc3 28.
Qxc3 Nd5 29. Qc4 Qf5 30. Bc1 Rb8 31. Bd2 Nb4 32. Bc3 Nd5 33. Bd2 Nb4 34. Bc3
Nd5 1/2-1/2

[Event "Le Bolduc II - A"]
[Site "Montreal CAN"]
[Date "2003.10.13"]
[Round "7"]
[White "Grondin, Jean-Philippe"]
[Black "Bolduc, Steve"]
[Result "0-1"]
[WhiteElo "2249"]
[BlackElo "2322"]
[PlyCount "80"]
[EventDate "2003.09.22"]
[EventType "tourn"]
[EventRounds "10"]
[EventCountry "CAN"]

1. d4 d5 2. c4 dxc4 3. Nf3 Nf6 4. e3 e6 5. Bxc4 c5 6. O-O a6 7. a4 Nc6 8. Qe2
cxd4 9. Rd1 Be7 10. exd4 O-O 11. Bg5 Nd5 12. Bxe7 Ncxe7 13. Ne5 b6 14. Nd2 Bb7
15. Ne4 Nf5 16. Qg4 Nd6 17. Nxd6 Qxd6 18. Ra3 Nf6 19. Qh4 Rfd8 20. Re3 Rac8 21.
h3 Kf8 22. Rg3 Ne4 23. Rgd3 Kg8 24. Qh5 Qe7 25. Bb3 g6 26. Qh6 Nd6 27. Qf4 Kg7
28. Ng4 h5 29. Ne3 Qf6 30. Qxf6+ Kxf6 31. d5 e5 32. f3 Kg5 33. g3 f5 34. Ng2
Kf6 35. f4 e4 36. R3d2 a5 37. Ne3 Ba6 38. Kf2 Bd3 39. Bc2 Bxc2 40. Nxc2 Nc4 0-1

[Event "Le Bolduc II - A"]
[Site "Montreal CAN"]
[Date "2003.10.15"]
[Round "8"]
[White "Chabot, Roland"]
[Black "Grondin, Jean-Philippe"]
[Result "1-0"]
[WhiteElo "2257"]
[BlackElo "2249"]
[PlyCount "99"]
[EventDate "2003.09.22"]
[EventType "tourn"]
[EventRounds "10"]
[EventCountry "CAN"]

1. d4 d5 2. c4 Nc6 3. Nf3 e5 4. Nxe5 Nxe5 5. dxe5 dxc4 6. Qxd8+ Kxd8 7. Nc3 Be6
8. g3 Ne7 9. Bg2 c6 10. e4 Kc7 11. Be3 b6 12. O-O-O h6 13. f4 g6 14. h3 h5 15.
Rd2 Rd8 16. Rxd8 Kxd8 17. Rd1+ Kc8 18. a4 Kc7 19. a5 Nc8 20. axb6+ axb6 21. Rf1
Bh6 22. Rd1 Rd8 23. Rxd8 Kxd8 24. Ne2 Kc7 25. Nd4 Bd7 26. Bf1 b5 27. Nf3 Be6
28. Bc5 Kd7 29. Nd4 h4 30. Nxe6 Kxe6 31. Be3 Kd7 32. g4 Bf8 33. g5 Bb4 34. Be2
Ne7 35. Bg4+ Ke8 36. e6 c3 37. bxc3 Bxc3 38. Kc2 Ba1 39. exf7+ Kxf7 40. Bd7 b4
41. Bf2 Bc3 42. Bxh4 Bd4 43. Bg3 Be3 44. h4 c5 45. Kb3 Bc1 46. f5 gxf5 47. exf5
Be3 48. Be5 Bf2 49. h5 Bh4 50. h6 1-0

[Event "Le Bolduc II - A"]
[Site "Montreal CAN"]
[Date "2003.10.15"]
[Round "8"]
[White "Gilman, Arkadiy"]
[Black "Berube, Richard"]
[Result "1-0"]
[WhiteElo "2150"]
[BlackElo "2370"]
[PlyCount "149"]
[EventDate "2003.09.22"]
[EventType "tourn"]
[EventRounds "10"]
[EventCountry "CAN"]

1. d4 Nf6 2. c4 e6 3. Nf3 b6 4. Bf4 Bb7 5. e3 Be7 6. h3 d6 7. Nc3 Nbd7 8. Qc2
a6 9. Be2 c5 10. O-O O-O 11. Bh2 cxd4 12. Nxd4 Rc8 13. Qd2 Ne5 14. b3 Qc7 15.
Qb2 Rfd8 16. Rac1 Qb8 17. Rfd1 Ng6 18. Bg3 Qa8 19. f3 Nh5 20. Bf2 Bh4 21. Bf1
Ng3 22. Na4 Qa7 23. Qd2 Nxf1 24. Kxf1 b5 25. Nb2 Bxf2 26. Kxf2 Ne5 27. Qa5 bxc4
28. Nxc4 Nxc4 29. Rxc4 d5 30. Rc7 Rxc7 31. Qxc7 Rc8 32. Qe7 Qb8 33. Rd2 Qc7 34.
Qb4 Qd7 35. f4 f6 36. Nxe6 Re8 37. Nc5 Qe7 38. Qd4 Bc6 39. Nxa6 Rd8 40. Qc5 Qd7
41. Qd4 Qf5 42. Qb6 Rc8 43. Nb4 Ba8 44. Qd4 Re8 45. Nd3 h5 46. Nc5 h4 47. Qd3
Qc8 48. b4 Rd8 49. Qd4 Qf5 50. Qd3 Qh5 51. Qe2 Qf7 52. Rd4 Qe7 53. a4 Bc6 54.
Qf3 Re8 55. a5 Rb8 56. f5 Rxb4 57. Rxb4 Qxc5 58. Rb8+ Kf7 59. Rc8 Qc2+ 60. Kg1
Qb1+ 61. Kh2 Qb7 62. Rh8 d4 63. Qf4 dxe3 64. Qd6 Qe7 65. Qxe7+ Kxe7 66. Kg1 Bb5
67. Rxh4 Kd6 68. Re4 e2 69. Kf2 Kd5 70. Rb4 Kc5 71. Rg4 Kd5 72. Rxg7 Ke4 73. g4
Kd3 74. Ke1 Ke3 75. h4 1-0

[Event "Le Bolduc II - A"]
[Site "Montreal CAN"]
[Date "2003.10.20"]
[Round "9"]
[White "Berube, Richard"]
[Black "Bolduc, Steve"]
[Result "0-1"]
[WhiteElo "2370"]
[BlackElo "2322"]
[PlyCount "66"]
[EventDate "2003.09.22"]
[EventType "tourn"]
[EventRounds "10"]
[EventCountry "CAN"]

1. e4 c5 2. Nf3 Nc6 3. d4 cxd4 4. Nxd4 g6 5. Nc3 Bg7 6. Be3 Nf6 7. Bc4 Qa5 8.
O-O O-O 9. Bb3 d6 10. h3 Bd7 11. f4 Nxd4 12. Bxd4 Bc6 13. Qd3 Rad8 14. Rae1 e5
15. Be3 exf4 16. Bxf4 d5 17. exd5 Nxd5 18. Nxd5 Bxd5 19. Bd2 Qc5+ 20. Be3 Qc6
21. Bxd5 Rxd5 22. Qb3 Rb5 23. Qa4 a6 24. b4 Qc3 25. Qb3 Rxb4 26. Qxc3 Bxc3 27.
Rd1 Re8 28. Bh6 Rd4 29. Rb1 b5 30. Rb3 Bd2 31. c3 Rd3 32. Bxd2 Rxd2 33. c4 Ree2
0-1

[Event "Le Bolduc II - A"]
[Site "Montreal CAN"]
[Date "2003.10.20"]
[Round "9"]
[White "Gilman, Arkadiy"]
[Black "Chabot, Roland"]
[Result "1/2-1/2"]
[WhiteElo "2150"]
[BlackElo "2257"]
[PlyCount "84"]
[EventDate "2003.09.22"]
[EventType "tourn"]
[EventRounds "10"]
[EventCountry "CAN"]

1. d4 f5 2. Nf3 Nf6 3. Nbd2 g6 4. e3 Bg7 5. Bd3 Nc6 6. c4 d6 7. e4 e5 8. d5 Ne7
9. Qc2 O-O 10. Nh4 Nh5 11. g3 c6 12. f3 f4 13. Nf1 Bh3 14. Kf2 Bd7 15. g4 Nf6
16. Ng2 b5 17. b3 bxc4 18. bxc4 cxd5 19. cxd5 Kh8 20. Nd2 Nfxd5 21. exd5 e4 22.
Nxe4 Bxa1 23. Bb2+ Bxb2 24. Qxb2+ Kg8 25. Nf6+ Kf7 26. Nxh7 Qa5 27. Kf1 Qxd5
28. Qe2 Qc5 29. Nxf8 Rxf8 30. h4 Qd4 31. h5 g5 32. Ne1 Rc8 33. Nc2 Qb2 34. Kf2
Nd5 35. Re1 Rxc2 36. Qxc2 Ne3 37. Rxe3 Qxc2+ 38. Bxc2 fxe3+ 39. Kf1 Bb5+ 40.
Ke1 d5 41. Bb3 Ke6 42. h6 Kf6 1/2-1/2

[Event "Le Bolduc II - A"]
[Site "Montreal CAN"]
[Date "2003.10.22"]
[Round "10"]
[White "Bolduc, Steve"]
[Black "Gilman, Arkadiy"]
[Result "1/2-1/2"]
[WhiteElo "2322"]
[BlackElo "2150"]
[PlyCount "71"]
[EventDate "2003.09.22"]
[EventType "tourn"]
[EventRounds "10"]
[EventCountry "CAN"]

1. d4 d5 2. c4 c6 3. Nc3 Nf6 4. e3 e6 5. Nf3 Nbd7 6. Qc2 b6 7. e4 dxe4 8. Nxe4
Bb7 9. Bd3 Nxe4 10. Bxe4 Bb4+ 11. Ke2 Nf6 12. Bg5 Be7 13. Bxf6 Bxf6 14. Rad1
Qc7 15. Rhe1 h6 16. Kf1 O-O 17. h4 c5 18. Bxb7 Qxb7 19. d5 exd5 20. Rxd5 Rad8
21. Red1 Rxd5 22. Rxd5 Rd8 23. Rxd8+ Bxd8 24. Qd3 Bf6 25. b3 Qc8 26. Qd5 Qa6
27. a4 Qa5 28. Qd3 Qb4 29. h5 Qa3 30. g3 Qb2 31. Kg2 Bd4 32. Nxd4 cxd4 33. Qe4
Qxb3 34. Qe8+ Kh7 35. Qe4+ Kg8 36. Qe8+ 1/2-1/2

[Event "Le Bolduc II - A"]
[Site "Montreal CAN"]
[Date "2003.10.22"]
[Round "10"]
[White "Grondin, Jean-Philippe"]
[Black "Berube, Richard"]
[Result "0-1"]
[WhiteElo "2249"]
[BlackElo "2370"]
[PlyCount "65"]
[EventDate "2003.09.22"]
[EventType "tourn"]
[EventRounds "10"]
[EventCountry "CAN"]

1. d4 Nf6 2. c4 e6 3. Nc3 Bb4 4. Nf3 b6 5. Bg5 Bb7 6. e3 h6 7. Bh4 g5 8. Bg3
Ne4 9. Qc2 Bxc3+ 10. bxc3 Nxg3 11. hxg3 d6 12. a4 a5 13. d5 Qf6 14. Nd4 Nd7 15.
Be2 O-O-O 16. O-O h5 17. f4 g4 18. e4 Nc5 19. Rfe1 Qg7 20. Bd1 h4 21. Qe2 Rdf8
22. Qe3 Re8 23. Qe2 Reg8 24. Qe3 Re8 25. Qe2 hxg3 26. Qxg4 Qh7 27. Qxg3 Reg8
28. Qf3 Qh2+ 29. Kf2 Rxg2+ 30. Ke3 Rh3 31. Rh1 Rxf3+ 32. Bxf3 Qg3 33. Ne2 0-1

[Event "Le Bolduc II - B"]
[Site "Montreal CAN"]
[Date "2003.09.22"]
[Round "1"]
[White "Boulay, David"]
[Black "Bachand-Fleurent, Julien"]
[Result "1/2-1/2"]
[WhiteElo "2231"]
[BlackElo "2140"]
[PlyCount "67"]
[EventDate "2003.09.22"]
[EventType "tourn"]
[EventRounds "11"]
[EventCountry "CAN"]

1. e4 e6 2. d4 d5 3. Nc3 Bb4 4. e5 c5 5. Bd2 Nc6 6. Nb5 Bxd2+ 7. Qxd2 Nxd4 8.
Nxd4 cxd4 9. f4 Ne7 10. Nf3 Nc6 11. O-O-O Qb6 12. Nxd4 Bd7 13. c3 O-O-O 14. Qe3
Kb8 15. Bd3 Qa5 16. Kb1 Nxd4 17. Qxd4 Bb5 18. Rhf1 Rc8 19. f5 Bc4 20. b3 Bxd3+
21. Rxd3 Rc7 22. Kb2 Qb5 23. Rff3 Rc4 24. Qf2 Re8 25. fxe6 fxe6 26. Rf8 Re4 27.
Qf7 Re2+ 28. Kc1 Re1+ 29. Kd2 Rd1+ 30. Kxd1 Qxd3+ 31. Kc1 Qxc3+ 32. Kb1 Qd3+
33. Kb2 Qd2+ 34. Kb1 1/2-1/2

[Event "Le Bolduc II - B"]
[Site "Montreal CAN"]
[Date "2003.09.22"]
[Round "1"]
[White "Gagnon, Michel"]
[Black "Khaziyeva, Dinara"]
[Result "1/2-1/2"]
[WhiteElo "2195"]
[BlackElo "1946"]
[PlyCount "110"]
[EventDate "2003.09.22"]
[EventType "tourn"]
[EventRounds "11"]
[EventCountry "CAN"]

1. d4 Nf6 2. Nf3 g6 3. Bg5 Ne4 4. Bh4 c5 5. c3 Qb6 6. Nbd2 d5 7. e3 Nc6 8. Nxe4
dxe4 9. Nd2 Qxb2 10. Nxe4 Bf5 11. Rb1 Qa3 12. Rb3 Qxa2 13. f3 Bh6 14. Bf2 O-O
15. Qb1 Qxb1+ 16. Rxb1 a5 17. Bd3 cxd4 18. exd4 Rfd8 19. g4 Bc8 20. Bc4 a4 21.
Ke2 Na5 22. Ba2 Bf4 23. Bh4 Bd6 24. Rb6 Bc7 25. Rbb1 Kf8 26. Bg3 Bb8 27. Ng5
Nb3 28. Nxh7+ Kg7 29. Ng5 f6 30. Ne4 Be6 31. Rb2 b5 32. Bxb8 Raxb8 33. Bxb3
Bxb3 34. Nc5 Bc4+ 35. Ke3 a3 36. Rb4 Rd6 37. Ra1 Ra8 38. h4 e5 39. dxe5 fxe5
40. Ke4 a2 41. Ke3 Ra3 42. Ne4 Rd3+ 43. Kf2 Rd7 44. g5 Rb3 45. Rxb3 Bxb3 46.
Nc5 Rd2+ 47. Ke3 Rb2 48. Nxb3 Rxb3 49. Rxa2 Rxc3+ 50. Ke4 b4 51. Ra7+ Kg8 52.
Rb7 b3 53. f4 exf4 54. Kxf4 Rc4+ 55. Ke5 Rc3 1/2-1/2

[Event "Le Bolduc II - B"]
[Site "Montreal CAN"]
[Date "2003.09.22"]
[Round "1"]
[White "Tremblay, Alain"]
[Black "Charbonneau, Anne-Marie"]
[Result "0-1"]
[WhiteElo "2005"]
[BlackElo "2065"]
[PlyCount "116"]
[EventDate "2003.09.22"]
[EventType "tourn"]
[EventRounds "11"]
[EventCountry "CAN"]

1. e4 c5 2. Nf3 e6 3. b3 Nf6 4. e5 Nd5 5. Bb2 Nc6 6. g3 g6 7. Bg2 Bg7 8. Na3 d6
9. Nc4 dxe5 10. Nfxe5 Nxe5 11. Nxe5 O-O 12. O-O Rb8 13. c4 Nb4 14. Be4 f6 15.
a3 Na6 16. Nf3 e5 17. b4 Be6 18. Qe2 b6 19. Ne1 Qd7 20. b5 Nc7 21. Nc2 Qf7 22.
d3 Rbd8 23. f4 f5 24. fxe5 Qd7 25. Bf3 Qxd3 26. Rfd1 Qxc4 27. a4 Qxe2 28. Bxe2
Bb3 29. Rxd8 Rxd8 30. Ne3 Rd2 31. Bc4+ Bxc4 32. Nxc4 Rc2 33. Rc1 Rxc1+ 34. Bxc1
Kf7 35. Kf2 Nd5 36. Ke2 Nc3+ 37. Kd3 Ne4 38. Be3 Ke6 39. a5 bxa5 40. Nxa5 Bxe5
41. Nc6 Kd5 42. Nxa7 c4+ 43. Kc2 Bd4 44. Bxd4 Kxd4 45. b6 Nc5 46. Nc8 g5 47.
Nd6 f4 48. gxf4 gxf4 49. Nf5+ Ke5 50. Nh6 f3 51. Ng4+ Kf4 52. Nf2 Ke3 53. Ng4+
Ke2 54. Kc3 Na4+ 55. Kxc4 Nxb6+ 56. Kd4 f2 57. Nxf2 Kxf2 58. Ke4 Kg2 0-1

[Event "Le Bolduc II - B"]
[Site "Montreal CAN"]
[Date "2003.09.22"]
[Round "1"]
[White "Trinh, Tri Bao"]
[Black "Corriveau, Philippe"]
[Result "1/2-1/2"]
[WhiteElo "2064"]
[BlackElo "2103"]
[PlyCount "46"]
[EventDate "2003.09.22"]
[EventType "tourn"]
[EventRounds "11"]
[EventCountry "CAN"]

1. e4 e5 2. Nf3 Nc6 3. d4 exd4 4. Bc4 Nf6 5. O-O Nxe4 6. Re1 d5 7. Bxd5 Qxd5 8.
Nc3 Qd8 9. Rxe4+ Be7 10. Nxd4 f5 11. Rf4 O-O 12. Nxc6 Qxd1+ 13. Nxd1 bxc6 14.
Rc4 Bd6 15. Be3 Bb7 16. Nc3 a6 17. Rd1 Rf6 18. Ne2 Re8 19. h4 Rfe6 20. Nf4 Re4
21. Rdd4 c5 22. Rxe4 Rxe4 23. Rxe4 Bxe4 1/2-1/2

[Event "Le Bolduc II - B"]
[Site "Montreal CAN"]
[Date "2003.09.24"]
[Round "2"]
[White "Bachand-Fleurent, Julien"]
[Black "Arsenault, Nicolas"]
[Result "1-0"]
[WhiteElo "2140"]
[BlackElo "2070"]
[PlyCount "59"]
[EventDate "2003.09.22"]
[EventType "tourn"]
[EventRounds "11"]
[EventCountry "CAN"]

1. e4 c5 2. Nc3 Nc6 3. g3 e6 4. Bg2 Nf6 5. Nge2 d5 6. exd5 exd5 7. d4 cxd4 8.
Nxd4 Bg4 9. f3 Be6 10. Be3 Be7 11. O-O O-O 12. h3 Qd7 13. g4 Rac8 14. f4 Bxg4
15. hxg4 Nxg4 16. Nxc6 bxc6 17. Bh3 Nxe3 18. Bxd7 Nxd1 19. Raxd1 Rc7 20. Bg4
Rb8 21. b3 Rb4 22. Kg2 Bd6 23. Ne2 Bc5 24. Bf3 g6 25. Rfe1 Kg7 26. Nc1 Rb8 27.
Re2 Bd6 28. Nd3 Rd7 29. c4 Bc7 30. Nc5 1-0

[Event "Le Bolduc II - B"]
[Site "Montreal CAN"]
[Date "2003.09.24"]
[Round "2"]
[White "Charbonneau, Anne-Marie"]
[Black "Trinh, Tri Bao"]
[Result "1/2-1/2"]
[WhiteElo "2065"]
[BlackElo "2064"]
[PlyCount "67"]
[EventDate "2003.09.22"]
[EventType "tourn"]
[EventRounds "11"]
[EventCountry "CAN"]

1. d4 Nf6 2. c4 c5 3. d5 b5 4. cxb5 a6 5. bxa6 g6 6. Nc3 Bxa6 7. e4 Bxf1 8.
Kxf1 d6 9. Nf3 Bg7 10. h3 O-O 11. Kg1 Nbd7 12. Kh2 Qa5 13. Re1 Rfb8 14. Re2 Ne8
15. Rc2 Ra7 16. Bd2 Rab7 17. Qc1 Qa6 18. Bg5 Ne5 19. Qd2 Nd3 20. b3 Nb4 21. Rb2
Qd3 22. Qxd3 Nxd3 23. Rc2 Nb4 24. Rcc1 Nd3 25. Rc2 Nb4 26. Rcc1 Ra8 27. Nd2 Nd3
28. Rc2 Nb4 29. Rcc1 Nd3 30. Rc2 Nxf2 31. Rf1 Be5+ 32. g3 Nd3 33. a4 Nb4 34.
Rcc1 1/2-1/2

[Event "Le Bolduc II - B"]
[Site "Montreal CAN"]
[Date "2003.09.24"]
[Round "2"]
[White "Corriveau, Philippe"]
[Black "Boulay, David"]
[Result "1-0"]
[WhiteElo "2103"]
[BlackElo "2231"]
[PlyCount "39"]
[EventDate "2003.09.22"]
[EventType "tourn"]
[EventRounds "11"]
[EventCountry "CAN"]

1. e4 c5 2. Nc3 Nc6 3. g3 g6 4. Bg2 Bg7 5. d3 e6 6. f4 Nge7 7. Be3 d6 8. Nf3
Nd4 9. O-O O-O 10. e5 Nef5 11. Bf2 Nxf3+ 12. Qxf3 Nd4 13. Qd1 Rb8 14. Ne4 dxe5
15. c3 Nf5 16. Bxc5 exf4 17. Bxf8 Bxf8 18. Qf3 Ne3 19. Qxf4 Nxf1 20. Rxf1 1-0

[Event "Le Bolduc II - B"]
[Site "Montreal CAN"]
[Date "2003.09.24"]
[Round "2"]
[White "Gagnon, Michel"]
[Black "Tremblay, Alain"]
[Result "1/2-1/2"]
[WhiteElo "2195"]
[BlackElo "2005"]
[PlyCount "100"]
[EventDate "2003.09.22"]
[EventType "tourn"]
[EventRounds "11"]
[EventCountry "CAN"]

1. e4 e6 2. d4 d5 3. Nc3 Bb4 4. e5 c5 5. a3 Bxc3+ 6. bxc3 Nc6 7. Nf3 Qa5 8. Qd2
Qa4 9. Rb1 a6 10. Bd3 c4 11. Be2 Nge7 12. O-O O-O 13. Re1 f6 14. Bf1 Ra7 15. g3
Ng6 16. Bg2 fxe5 17. Nxe5 Ncxe5 18. dxe5 b5 19. Rb4 Qa5 20. f4 Rd7 21. Bh3 Kh8
22. Qd4 Rdf7 23. f5 exf5 24. e6 Re7 25. Qc5 Qc7 26. Qxc7 Rxc7 27. a4 Re7 28.
axb5 axb5 29. Rxb5 Rxe6 30. Rxe6 Bxe6 31. Rb6 Re8 32. Kf2 Kg8 33. Be3 Kf7 34.
Bd4 Re7 35. Bg2 h5 36. Bc5 Re8 37. Ke3 Kf6 38. Kd4 f4 39. Bd6 fxg3 40. hxg3 Kf7
41. Bxd5 Bxd5 42. Kxd5 Ne7+ 43. Kxc4 Nf5 44. Bc5 Re2 45. Rb7+ Kg6 46. Kd3 Rg2
47. Rb6+ Kg5 48. c4 Rxg3+ 49. Ke4 Rc3 50. Rb5 Rxc4+ 1/2-1/2

[Event "Le Bolduc II - B"]
[Site "Montreal CAN"]
[Date "2003.09.29"]
[Round "3"]
[White "Arsenault, Nicolas"]
[Black "Corriveau, Philippe"]
[Result "1-0"]
[WhiteElo "2070"]
[BlackElo "2103"]
[PlyCount "45"]
[EventDate "2003.09.22"]
[EventType "tourn"]
[EventRounds "11"]
[EventCountry "CAN"]

1. e4 e5 2. Nf3 Nc6 3. Bb5 Nf6 4. O-O d6 5. d4 exd4 6. Nxd4 Bd7 7. Nc3 Nxd4 8.
Bxd7+ Nxd7 9. Qxd4 Qf6 10. Qd1 c6 11. f4 O-O-O 12. Be3 Be7 13. Bd4 Qh6 14. Qf3
Bf6 15. Bxa7 Bxc3 16. Qxc3 Nf6 17. Bb6 Rde8 18. Qa5 Kd7 19. Qf5+ Re6 20. Rae1
Ra8 21. e5 g6 22. Qd3 Nd5 23. Qb3 1-0

[Event "Le Bolduc II - B"]
[Site "Montreal CAN"]
[Date "2003.09.29"]
[Round "3"]
[White "Boulay, David"]
[Black "Charbonneau, Anne-Marie"]
[Result "1/2-1/2"]
[WhiteElo "2231"]
[BlackElo "2065"]
[PlyCount "85"]
[EventDate "2003.09.22"]
[EventType "tourn"]
[EventRounds "11"]
[EventCountry "CAN"]

1. e4 c5 2. Nf3 e6 3. d4 cxd4 4. Nxd4 Nf6 5. Nc3 d6 6. Be3 a6 7. f3 b5 8. Qd2
Bb7 9. O-O-O Nbd7 10. Qf2 b4 11. Nce2 d5 12. exd5 Nxd5 13. Ng3 Nxe3 14. Qxe3
Be7 15. Kb1 Bd5 16. Ndf5 Kf8 17. Nxe7 Qxe7 18. Bd3 Qc5 19. Qf4 Nf6 20. Rhe1 a5
21. Rd2 a4 22. Ne4 Nxe4 23. Bxe4 Bxe4 24. Qxe4 Ke7 25. Qh4+ g5 26. Qe4 Rhd8 27.
Rde2 Rd5 28. Qxh7 Ra6 29. Qe4 Rad6 30. Rc1 a3 31. Qe3 axb2 32. Kxb2 Qc4 33.
Rce1 Ra5 34. Qb3 Qd4+ 35. Kb1 Ra3 36. Qb2 Qxb2+ 37. Kxb2 Rda6 38. Rb1 Rxa2+ 39.
Kb3 Kd6 40. Rd1+ Kc6 41. Rd8 R2a3+ 42. Kb2 Ra2+ 43. Kb3 1/2-1/2

[Event "Le Bolduc II - B"]
[Site "Montreal CAN"]
[Date "2003.09.29"]
[Round "3"]
[White "Tremblay, Alain"]
[Black "Khaziyeva, Dinara"]
[Result "1-0"]
[WhiteElo "2005"]
[BlackElo "1946"]
[PlyCount "45"]
[EventDate "2003.09.22"]
[EventType "tourn"]
[EventRounds "11"]
[EventCountry "CAN"]

1. e4 d6 2. d4 Nf6 3. Nc3 Nbd7 4. Nf3 e5 5. Bc4 Be7 6. Bxf7+ Kxf7 7. Ng5+ Kg8
8. Ne6 Qe8 9. Nxc7 Qg6 10. O-O exd4 11. Qxd4 Ne5 12. f4 Bh3 13. Qf2 Bd8 14.
Nxa8 Nc4 15. f5 Qg4 16. Bf4 h5 17. Kh1 Nxe4 18. Nxe4 Qxf5 19. Nxd6 Nxd6 20.
Bxd6 Qd5 21. Rad1 Qc6 22. Qf7+ Kh7 23. Qxh5+ 1-0

[Event "Le Bolduc II - B"]
[Site "Montreal CAN"]
[Date "2003.09.29"]
[Round "3"]
[White "Trinh, Tri Bao"]
[Black "Gagnon, Michel"]
[Result "0-1"]
[WhiteElo "2064"]
[BlackElo "2195"]
[PlyCount "86"]
[EventDate "2003.09.22"]
[EventType "tourn"]
[EventRounds "11"]
[EventCountry "CAN"]

1. e4 c5 2. c3 Nf6 3. e5 Nd5 4. d4 cxd4 5. Nf3 e6 6. cxd4 b6 7. Nc3 Nxc3 8.
bxc3 Bb7 9. Bd3 Qc7 10. Bd2 h6 11. O-O Nc6 12. Re1 Na5 13. Qe2 Rc8 14. h4 Nc4
15. Bf4 Ba3 16. Rab1 Qc6 17. h5 Be7 18. Be4 Qxe4 19. Qxe4 Bxe4 20. Rxe4 Na5 21.
Bd2 Rc4 22. Rg4 Kf8 23. Be1 f5 24. exf6 Bxf6 25. Rb4 Rxb4 26. cxb4 Nc4 27. b5
d6 28. d5 exd5 29. Bb4 Kf7 30. Nh4 Re8 31. Nf5 Re6 32. Nd4 Bxd4 33. Rxd4 Re5
34. g4 Re2 35. Rxd5 Rxa2 36. Rd4 Ne5 37. Rxd6 Ra4 38. Bc3 Rxg4+ 39. Kf1 Re4 40.
f3 Re3 41. f4 Rxc3 42. fxe5 Rc7 43. Kf2 Re7 0-1

[Event "Le Bolduc II - B"]
[Site "Montreal CAN"]
[Date "2003.10.01"]
[Round "4"]
[White "Charbonneau, Anne-Marie"]
[Black "Arsenault, Nicolas"]
[Result "1/2-1/2"]
[WhiteElo "2065"]
[BlackElo "2070"]
[PlyCount "57"]
[EventDate "2003.09.22"]
[EventType "tourn"]
[EventRounds "11"]
[EventCountry "CAN"]

1. d4 Nf6 2. c4 g6 3. Nc3 Bg7 4. e4 d6 5. Be2 O-O 6. Bg5 Na6 7. Qd2 e5 8. d5 c6
9. h4 Qa5 10. Rd1 cxd5 11. cxd5 Nc5 12. Nh3 Qb4 13. f3 Bd7 14. Nb5 Qxd2+ 15.
Kxd2 Bxb5 16. Bxb5 a6 17. Be2 Rfc8 18. Rc1 Ne8 19. Be3 Nd7 20. g4 Bf6 21. g5
Bd8 22. Rxc8 Rxc8 23. Rc1 Rxc1 24. Kxc1 Bb6 25. Bxb6 Nxb6 26. Kc2 Nc7 27. Nf2
Nd7 28. Ng4 Kg7 29. b4 1/2-1/2

[Event "Le Bolduc II - B"]
[Site "Montreal CAN"]
[Date "2003.10.01"]
[Round "4"]
[White "Corriveau, Philippe"]
[Black "Cazelais, Marc"]
[Result "1/2-1/2"]
[WhiteElo "2103"]
[BlackElo "2192"]
[PlyCount "110"]
[EventDate "2003.09.22"]
[EventType "tourn"]
[EventRounds "11"]
[EventCountry "CAN"]

1. e4 g6 2. d4 Bg7 3. g3 d5 4. e5 c5 5. c3 Nc6 6. Bg2 h5 7. dxc5 Nxe5 8. Be3
Nf6 9. Ne2 Bg4 10. O-O Nf3+ 11. Bxf3 Bxf3 12. Nd2 Bg4 13. f3 Bh3 14. Re1 O-O
15. b4 e5 16. Nb3 Qd7 17. Kh1 Rfe8 18. Ng1 Bf5 19. Qd2 Ne4 20. Qb2 Nxc3 21.
Qxc3 d4 22. Qd2 dxe3 23. Qxd7 Bxd7 24. Rxe3 e4 25. Rae1 exf3 26. Nxf3 Rxe3 27.
Rxe3 Bc6 28. Kg2 Rd8 29. Kf2 Rd1 30. Re1 Rxe1 31. Nxe1 Bc3 32. Nd3 Bd5 33. Ke3
Kg7 34. Nbc1 Bc6 35. Ne2 Ba1 36. Nd4 Bd5 37. Nb3 Bc3 38. Nbc1 g5 39. a4 f5 40.
Ne2 Bf6 41. Nd4 Kg6 42. Nb5 a6 43. Nc7 Bh1 44. b5 axb5 45. axb5 Bc3 46. Ne6 Kf6
47. Nd4 Bd5 48. c6 bxc6 49. b6 Ba5 50. b7 Bc7 51. Nb4 f4+ 52. Kf2 fxg3+ 53.
hxg3 h4 54. gxh4 gxh4 55. Ndxc6 Bxc6 1/2-1/2

[Event "Le Bolduc II - B"]
[Site "Montreal CAN"]
[Date "2003.10.01"]
[Round "4"]
[White "Gagnon, Michel"]
[Black "Boulay, David"]
[Result "1-0"]
[WhiteElo "2195"]
[BlackElo "2231"]
[PlyCount "67"]
[EventDate "2003.09.22"]
[EventType "tourn"]
[EventRounds "11"]
[EventCountry "CAN"]

1. e4 c5 2. Nf3 d6 3. d4 cxd4 4. Nxd4 Nf6 5. Nc3 a6 6. Bc4 e6 7. Be3 b5 8. Bb3
Bb7 9. O-O Nc6 10. f3 Be7 11. Qe2 O-O 12. Rad1 Qc7 13. g4 Nxd4 14. Rxd4 Nd7 15.
Rfd1 Nc5 16. Qf2 Bc6 17. R4d2 Rfd8 18. Bf4 Nxb3 19. cxb3 b4 20. Na4 Rab8 21.
Nc5 Rb6 22. Nd3 e5 23. Be3 Rb5 24. Rc1 Qb7 25. Rdc2 Rc8 26. Rc4 Bd7 27. Qc2
Rxc4 28. bxc4 Rb6 29. Bxb6 Qxb6+ 30. Qf2 Qb8 31. b3 Bg5 32. Rd1 Bd8 33. Kg2 f6
34. Qd2 1-0

[Event "Le Bolduc II - B"]
[Site "Montreal CAN"]
[Date "2003.10.01"]
[Round "4"]
[White "Tremblay, Alain"]
[Black "Trinh, Tri Bao"]
[Result "1/2-1/2"]
[WhiteElo "2005"]
[BlackElo "2064"]
[PlyCount "84"]
[EventDate "2003.09.22"]
[EventType "tourn"]
[EventRounds "11"]
[EventCountry "CAN"]

1. e4 d6 2. d4 Nf6 3. Nc3 g6 4. Be3 c6 5. h3 Bg7 6. Nf3 O-O 7. Qd2 b5 8. Bd3 a6
9. a3 Bb7 10. O-O Qc7 11. Bh6 c5 12. Bxg7 Kxg7 13. e5 Nfd7 14. exd6 exd6 15.
Qf4 cxd4 16. Nxd4 Ne5 17. Be4 Nbd7 18. Rad1 Nf6 19. Bxb7 Qxb7 20. Rfe1 Rfe8 21.
Qg5 Qd7 22. Re3 h6 23. Qg3 Nh5 24. Qh4 Nc4 25. Rf3 Nxb2 26. Rb1 Na4 27. Nxa4
bxa4 28. g4 Re4 29. Nf5+ gxf5 30. Qxh5 fxg4 31. Rg3 Rae8 32. Rxg4+ Rxg4+ 33.
hxg4 Re4 34. f3 Re2 35. g5 Qe6 36. Qxh6+ Qxh6 37. gxh6+ Kxh6 38. Rb6 Rxc2 39.
Rxd6+ Kg5 40. Rd4 f5 41. Rxa4 Ra2 42. Kf1 a5 1/2-1/2

[Event "Le Bolduc II - B"]
[Site "Montreal CAN"]
[Date "2003.10.06"]
[Round "5"]
[White "Arsenault, Nicolas"]
[Black "Gagnon, Michel"]
[Result "1-0"]
[WhiteElo "2070"]
[BlackElo "2196"]
[PlyCount "79"]
[EventDate "2003.09.22"]
[EventType "tourn"]
[EventRounds "11"]
[EventCountry "CAN"]

1. e4 c5 2. Nf3 d6 3. d4 cxd4 4. Nxd4 Nf6 5. Nc3 a6 6. Be3 g6 7. f3 Bg7 8. Qd2
Nc6 9. Bc4 Bd7 10. Bb3 Rc8 11. O-O-O O-O 12. h4 Ne5 13. h5 Nxh5 14. g4 Nf6 15.
Nd5 e6 16. Nxf6+ Qxf6 17. Rh3 Nc4 18. Bxc4 Rxc4 19. Qh2 Rfc8 20. c3 Ba4 21. Rd3
Qe5 22. Rxh7 Qxh2 23. Rxh2 Bd7 24. Nb3 d5 25. exd5 exd5 26. Bd4 Bxd4 27. Nxd4
b5 28. Kd2 b4 29. cxb4 Rxb4 30. b3 a5 31. Rh1 a4 32. a3 Rb7 33. b4 Rbc7 34. Re1
Kf8 35. Re5 Rc4 36. Rxd5 Be8 37. Re5 Rc1 38. Re1 R1c4 39. Ree3 Bd7 40. Re5 1-0